[Event "52nd Groningen Open"]
[Site "Groningen NED"]
[Date "2014.12.29"]
[Round "8.10"]
[White "Svane, Rasmus"]
[Black "Koop, Thorben"]
[Result "1/2-1/2"]
[WhiteTitle "IM"]
[BlackTitle "FM"]
[WhiteElo "2507"]
[BlackElo "2396"]
[WhiteFideId "4657101"]
[BlackFideId "24661619"]
[EventDate "2014.12.21"]

1. Nf3 Nf6 2. c4 c5 3. Nc3 d5 4. cxd5 Nxd5 5. g3 g6 6. Bg2 Nc6 7. O-O Bg7 8.
Nxd5 Qxd5 9. d3 O-O 10. Be3 Bd7 11. Nd4 Qd6 12. Nxc6 Bxc6 13. Bxc6 Qxc6 14. Rc1
Qe6 15. Rxc5 Qxa2 16. Rb5 b6 17. Qb3 Qxb3 18. Rxb3 Rfc8 19. Ra1 Be5 20. Ra2 Bd6
21. Rc3 Rcb8 22. Ra6 Kf8 23. b3 Rb7 24. Rc2 Rd8 25. Rb2 Bc5 26. Bxc5 bxc5 27.
Ra5 Rc8 28. Rc2 Ke8 29. b4 Rxb4 30. Rxa7 c4 31. e3 Rb3 32. Rxc4 Rxc4 33. dxc4
Rb4 34. Rc7 Kd8 35. Rc5 Kd7 36. Kg2 e6 37. Kf3 Kd6 38. Ra5 Rxc4 39. Ra7 Rc7 40.
Rxc7 Kxc7 41. Ke4 Kd6 42. f4 h6 43. Kd4 g5 44. e4 gxf4 45. gxf4 f6 46. Kc4 Kc6
47. Kb4 Kb6 48. Kc4 Kc6 49. h3 h5 50. h4 Kb6 51. Kb4 Kc6 52. Kc4 Kb6 53. Kb4 1/2-1/2

[Event "52nd Groningen Open"]
[Site "Groningen NED"]
[Date "2014.12.29"]
[Round "8.11"]
[White "Chu, Wei Chao"]
[Black "Dobrov, Vladimir"]
[Result "1/2-1/2"]
[WhiteTitle "IM"]
[BlackTitle "GM"]
[WhiteElo "2361"]
[BlackElo "2495"]
[WhiteFideId "8605661"]
[BlackFideId "4136594"]
[EventDate "2014.12.21"]

1. d4 f5 2. g3 Nf6 3. Bg2 g6 4. Nh3 Bg7 5. Nf4 O-O 6. O-O e6 7. Nc3 d5 8. h4 Nc6
9. e3 Qe7 10. b3 Rd8 11. Bb2 Qf7 12. Nd3 h6 13. Na4 g5 14. hxg5 hxg5 15. Qe2 g4
16. c4 Ne4 17. Nf4 Ne7 18. Nc5 Ng6 19. Ncd3 Bd7 20. Rac1 c6 21. Rfe1 Bf6 22.
Nxg6 Qxg6 23. Nf4 Qg5 24. Bxe4 fxe4 25. Kg2 Kf7 26. Rh1 Rh8 27. c5 Qf5 28. Rxh8
Rxh8 29. Rh1 Rxh1 30. Kxh1 Bg5 31. Kg1 Bxf4 32. exf4 e3 33. Qxe3 Qc2 34. Qe5 Be8
35. Qh5+ Kf8 36. Qh6+ Kf7 37. Qh5+ Ke7 38. Qg5+ Kf8 39. Qh6+ Ke7 40. Qg5+ Kf7
41. Qh5+ 1/2-1/2

[Event "52nd Groningen Open"]
[Site "Groningen NED"]
[Date "2014.12.29"]
[Round "8.12"]
[White "Pijpers, Arthur"]
[Black "Biolek, Richard Jr."]
[Result "1/2-1/2"]
[BlackTitle "IM"]
[WhiteElo "2355"]
[BlackElo "2446"]
[WhiteFideId "1019554"]
[BlackFideId "319996"]
[EventDate "2014.12.21"]

1. e4 e5 2. Nf3 Nc6 3. Bb5 a6 4. Ba4 Nf6 5. O-O Bc5 6. c3 b5 7. Bc2 d5 8. d4
dxe4 9. Nxe5 Nxe5 10. dxe5 Qxd1 11. Rxd1 Ng4 12. Bxe4 Nxf2 13. Bc6+ Ke7 14. Rd5
Bb6 15. Bxa8 Nd3+ 16. Kf1 Nxc1 17. Na3 Be6 18. Rxc1 Rxa8 19. Rd3 Bf5 20. Rdd1
Be3 21. Ra1 Bf4 22. g3 Bxe5 23. Rd2 1/2-1/2

[Event "52nd Groningen Open"]
[Site "Groningen NED"]
[Date "2014.12.29"]
[Round "8.13"]
[White "Kerigan, Demre"]
[Black "Lobzhanidze, Davit"]
[Result "1-0"]
[WhiteTitle "FM"]
[BlackTitle "IM"]
[WhiteElo "2277"]
[BlackElo "2433"]
[WhiteFideId "6307841"]
[BlackFideId "13600796"]
[EventDate "2014.12.21"]

1. e4 e5 2. Nf3 Nc6 3. Bb5 a6 4. Bxc6 dxc6 5. O-O Qf6 6. d4 exd4 7. Bg5 Qd6 8.
Nxd4 Be7 9. Be3 Nh6 10. h3 Qg6 11. Qf3 O-O 12. Nc3 Bd6 13. Rfe1 Ng4 14. Bf4 Ne5
15. Qg3 Qxg3 16. Bxg3 Bd7 17. Rad1 Rad8 18. Kh2 Bc8 19. b3 f6 20. Nce2 Rfe8 21.
Nf5 Bb4 22. Rxd8 Rxd8 23. c3 Bc5 24. Nfd4 g6 25. f3 Bd6 26. f4 Nf7 27. Nf3 Be7
28. f5 Bd6 29. Bxd6 cxd6 30. Nf4 gxf5 31. exf5 Ne5 32. Nd4 d5 33. Re3 Kf7 34. g4
h6 35. Kg3 Rd6 36. Nf3 Nxf3 37. Kxf3 Rd8 38. Ng6 Re8 39. Rxe8 Kxe8 40. Kf4 c5
41. h4 Kf7 42. Ke3 h5 43. gxh5 Bxf5 44. Nf4 Bb1 45. a3 a5 46. h6 Ba2 47. Ne6 Kg6
48. Nxc5 b6 49. Nd7 Bxb3 50. Nxb6 Kxh6 51. Kf4 Kh5 52. Kf5 Kxh4 53. Kxf6 Kg4 54.
Ke5 Kf3 55. Nxd5 Ke2 56. Kd4 Kd2 57. c4 Kc2 58. Nb6 Kb2 59. a4 Ka3 60. c5 Bd1
61. c6 Bg4 62. Kc5 Be2 63. Nd5 Kb3 64. c7 Bg4 65. Nb6 Ka3 66. Kd6 1-0

[Event "52nd Groningen Open"]
[Site "Groningen NED"]
[Date "2014.12.29"]
[Round "8.14"]
[White "Wacker, Peter"]
[Black "Brandenburg, Daan"]
[Result "1/2-1/2"]
[WhiteTitle "FM"]
[BlackTitle "GM"]
[WhiteElo "2305"]
[BlackElo "2530"]
[WhiteFideId "4615751"]
[BlackFideId "1011014"]
[EventDate "2014.12.21"]

1. e4 c5 2. Nf3 e6 3. b3 Nc6 4. Bb2 Nf6 5. e5 Nd5 6. Bb5 Qc7 7. O-O Be7 8. Re1
O-O 9. Nc3 Nxc3 10. Bxc3 a6 11. Bd3 f5 12. exf6 Bxf6 13. Bxf6 Rxf6 14. Ng5 g6
15. Ne4 Rf8 16. Qg4 d5 17. Nxc5 e5 18. Qg3 Qe7 19. Na4 Bf5 20. c4 Bxd3 21. Qxd3
Rad8 22. cxd5 Qf7 23. Qe3 Rxd5 24. Nb6 Rd4 25. Re2 Rf4 26. d3 Nd4 27. Rd2 Rg4
28. Kh1 Qe6 29. Nc4 Qd5 30. Rg1 Nc6 31. Qe2 Rd4 32. Re1 Rd8 33. h3 Kg7 34. Qe3
Re8 35. Qg3 Rf4 36. Rde2 Qd4 37. Qe3 b5 38. Qxd4 Nxd4 39. Rxe5 Rxe5 40. Nxe5
Rxf2 41. a4 Nxb3 42. axb5 axb5 43. Rb1 Nd4 44. Rb4 Rf5 45. Rxd4 Rxe5 46. Rd7+
Kf6 47. Rb7 h5 48. Kg1 h4 49. Kf2 Rf5+ 50. Ke3 Rg5 51. Kf3 Ke6 52. Rh7 Rg3+ 53.
Kf2 Rxd3 54. Rxh4 Rb3 55. Rd4 b4 56. Rd8 Rb1 57. Kg3 Rc1 58. Rb8 Rc4 59. Rb6+
Kf5 60. Rb5+ Kf6 61. Kf3 Rc3+ 62. Kf4 b3 63. Rb6+ Kg7 64. h4 Rc4+ 65. Kf3 1/2-1/2

[Event "52nd Groningen Open"]
[Site "Groningen NED"]
[Date "2014.12.29"]
[Round "8.15"]
[White "Popilski, Gil"]
[Black "Lomasov, Semen"]
[Result "1/2-1/2"]
[WhiteTitle "GM"]
[WhiteElo "2522"]
[BlackElo "2305"]
[WhiteFideId "2809060"]
[BlackFideId "24164879"]
[EventDate "2014.12.21"]

1. d4 Nf6 2. c4 c5 3. Nf3 cxd4 4. Nxd4 e5 5. Nb5 d5 6. cxd5 Bc5 7. N5c3 O-O 8.
e3 e4 9. Nd2 Qe7 10. a3 Rd8 11. b4 Bd6 12. Nc4 Bc7 13. Bb2 Be6 14. d6 Bxd6 15.
Nxd6 Rxd6 16. Qc2 Bf5 17. Nb5 Rd8 18. Nd4 Bg6 19. Be2 Nbd7 20. Qc7 Rab8 21. Rc1
Nd5 22. Qg3 Qe5 23. O-O Qxg3 24. hxg3 Ne5 25. Ne6 fxe6 26. Bxe5 Rbc8 27. Bd4 a6
28. b5 axb5 29. Bxb5 Be8 30. Rb1 Bxb5 31. Rxb5 Rd7 32. Rfb1 b6 33. R1b2 h5 34.
Kh2 Rc1 35. Rb1 Rxb1 36. Rxb1 Ra7 37. Rb3 Kf7 38. f3 exf3 39. gxf3 Ra4 40. Bb2
Rc4 41. e4 Rc2+ 42. Kh3 Ne3 43. Bxg7 Nc4 44. Bh6 Kg6 45. Bf4 e5 46. Be3 b5 47.
Ba7 Ra2 48. Bc5 Rc2 1/2-1/2

[Event "52nd Groningen Open"]
[Site "Groningen NED"]
[Date "2014.12.29"]
[Round "8.16"]
[White "Wan, Yunguo"]
[Black "Afek, Yochanan"]
[Result "1-0"]
[WhiteTitle "IM"]
[BlackTitle "IM"]
[WhiteElo "2482"]
[BlackElo "2285"]
[WhiteFideId "8603189"]
[BlackFideId "2800462"]
[EventDate "2014.12.21"]

1. e4 c5 2. Nf3 g6 3. c3 Bg7 4. d4 cxd4 5. cxd4 d5 6. e5 Bg4 7. Nbd2 Nc6 8. Bb5
Qb6 9. Qb3 e6 10. h3 Bf5 11. O-O Ne7 12. Ne1 h5 13. Ndf3 a6 14. Bxc6+ Qxc6 15.
Bg5 Qb5 16. Qa3 Nc6 17. Bf6 Bxf6 18. exf6 Qb4 19. Qxb4 Nxb4 20. Ne5 g5 21. g4
hxg4 22. hxg4 Be4 23. f3 Bg6 24. Rc1 Nc6 25. Nxc6 Rc8 26. Nd3 bxc6 27. Ne5 Rh6
28. Kg2 Kf8 29. Rh1 Rxh1 30. Kxh1 Ke8 31. Rxc6 1-0

[Event "52nd Groningen Open"]
[Site "Groningen NED"]
[Date "2014.12.29"]
[Round "8.17"]
[White "Nakar, Eylon"]
[Black "Van Osch, Mees"]
[Result "1-0"]
[WhiteTitle "IM"]
[WhiteElo "2419"]
[BlackElo "2261"]
[WhiteFideId "2811111"]
[BlackFideId "1035967"]
[EventDate "2014.12.21"]

1. e4 c5 2. Nf3 Nc6 3. Bb5 Nf6 4. Qe2 g6 5. O-O Bg7 6. Bxc6 dxc6 7. h3 O-O 8. a4
Nd7 9. d3 Re8 10. a5 e5 11. Be3 Qe7 12. Nbd2 Nf8 13. Nc4 f6 14. c3 Be6 15. Rab1
Bxc4 16. dxc4 Ne6 17. b4 cxb4 18. cxb4 Red8 19. Qc2 Bf8 20. Rfe1 Rd7 21. Qa4 c5
22. bxc5 Rc8 23. Red1 Rxd1+ 24. Qxd1 Nxc5 25. Rb5 a6 26. Qd5+ Qf7 27. Rb6 Be7
28. Nd2 Rc7 29. Bxc5 Bxc5 30. Rxf6 Qxd5 31. cxd5 Bb4 32. Nf3 Rc4 33. Re6 Rxe4
34. d6 Bxa5 35. d7 Rf4 36. Rxe5 b5 37. Re8+ Kg7 38. d8=Q Bxd8 39. Rxd8 a5 40.
Rd5 Rf5 41. Ne5 Kf6 42. f4 Rxf4 43. Rxb5 Rf5 44. Nd7+ Ke7 45. Nc5 1-0

[Event "52nd Groningen Open"]
[Site "Groningen NED"]
[Date "2014.12.29"]
[Round "8.18"]
[White "Maatman, Nick"]
[Black "Simonian, Tigran"]
[Result "1/2-1/2"]
[BlackTitle "IM"]
[WhiteElo "2226"]
[BlackElo "2406"]
[WhiteFideId "1040391"]
[BlackFideId "13303597"]
[EventDate "2014.12.21"]

1. d4 Nf6 2. c4 e6 3. Nc3 d5 4. Bg5 c6 5. Nf3 Nbd7 6. e3 Qa5 7. cxd5 Nxd5 8. Rc1
h6 9. Bh4 Bb4 10. a3 Bxc3+ 11. bxc3 Qxa3 12. Qd2 b5 13. e4 N5f6 14. Bd3 Bb7 15.
O-O Qa5 16. Qe2 Nh5 1/2-1/2

[Event "52nd Groningen Open"]
[Site "Groningen NED"]
[Date "2014.12.29"]
[Round "8.19"]
[White "Bulmaga, Irina"]
[Black "Baskin, Robert"]
[Result "1-0"]
[WhiteTitle "IM"]
[WhiteElo "2392"]
[BlackElo "2287"]
[WhiteFideId "13903063"]
[BlackFideId "24662402"]
[EventDate "2014.12.21"]

1. e4 c5 2. Nf3 d6 3. d4 cxd4 4. Nxd4 Nf6 5. Nc3 a6 6. h3 e5 7. Nde2 h5 8. Bg5
Be6 9. Bxf6 Qxf6 10. Nd5 Qd8 11. Nec3 Nd7 12. Bc4 g6 13. Bb3 Bh6 14. O-O O-O 15.
Qe2 Qg5 16. Kh1 Rac8 17. Rad1 Qh4 18. Kg1 Nc5 19. g3 Qxh3 20. Ne7+ Kg7 21. Bxe6
Nxe6 22. Nxc8 Rxc8 23. Rxd6 g5 24. Rd3 g4 25. Nd5 Ng5 26. Ne7 Rc4 27. f4 gxf3
28. Rdxf3 Rxe4 29. Rxf7+ Kh8 30. Qf2 Nxf7 31. Ng6+ Kh7 32. Qxf7+ Bg7 33. Nf8+
Kh8 34. Qg6 1-0

[Event "52nd Groningen Open"]
[Site "Groningen NED"]
[Date "2014.12.29"]
[Round "8.20"]
[White "Hoeksema, Hendrik Pieter"]
[Black "Sreeves, Clement"]
[Result "1/2-1/2"]
[WhiteTitle "IM"]
[WhiteElo "2342"]
[BlackElo "2284"]
[WhiteFideId "1000454"]
[BlackFideId "2402564"]
[EventDate "2014.12.21"]

1. d4 Nf6 2. c4 g6 3. Nc3 Bg7 4. e4 d6 5. Nf3 O-O 6. Be2 e5 7. O-O Nc6 8. Be3
Ng4 9. Bg5 f6 10. Bc1 Kh8 11. h3 Nh6 12. Be3 f5 13. exf5 Nxf5 14. Bg5 Qe8 15.
dxe5 Nxe5 16. Nxe5 Bxe5 17. Qd2 Qf7 18. Bd3 Be6 19. b3 Qd7 20. Be4 c6 21. Rad1
Nd4 22. Ne2 Nxe2+ 23. Qxe2 Rae8 24. Qd3 Qf7 25. Rd2 Bf4 26. Bxf4 Qxf4 27. g3 Qe5
28. Bg2 d5 29. cxd5 Bxd5 30. Bxd5 Qxd5 31. Qxd5 cxd5 32. Rxd5 Re2 33. Rd7 Rxa2
34. Rxb7 Kg8 35. h4 h5 36. f3 Rf7 37. Rxf7 Kxf7 38. Rf2 Ra1+ 39. Kg2 Rb1 40. Ra2
Rxb3 41. Rxa7+ Kf6 1/2-1/2

[Event "52nd Groningen Open"]
[Site "Groningen NED"]
[Date "2014.12.29"]
[Round "8.21"]
[White "Ypma, Peter"]
[Black "Brzeski, Maciej"]
[Result "1/2-1/2"]
[WhiteElo "2223"]
[BlackElo "2332"]
[WhiteFideId "1027255"]
[BlackFideId "1121537"]
[EventDate "2014.12.21"]

1. e4 e5 2. Nf3 Nc6 3. Bc4 Nf6 4. O-O Nxe4 5. Nc3 Nf6 6. Re1 Be7 7. d4 e4 8. d5
exf3 9. dxc6 bxc6 10. Qxf3 d5 11. Bd3 O-O 12. Bg5 h6 13. Bxh6 gxh6 14. Qe3 Qd6
15. Qxe7 Re8 16. Qxd6 cxd6 17. Rxe8+ Nxe8 18. Re1 Kf8 19. Ne2 Rb8 20. b3 Nc7 21.
Nd4 c5 22. Nc6 Rb6 23. Nxa7 Be6 24. a4 c4 25. Be2 Ra6 26. Nb5 Nxb5 27. axb5 Rb6
28. bxc4 dxc4 29. Rb1 d5 30. f4 Ke7 31. Kf2 Kd6 32. Ke3 Kc5 33. c3 Bd7 34. g4
Bxb5 35. g5 Re6+ 36. Kf2 Re4 37. gxh6 Rxf4+ 38. Kg3 Rf6 39. Rf1 Rg6+ 40. Bg4 Bd7
41. h3 Be6 42. h7 Rh6 43. Rf6 Rxh7 44. Bxe6 fxe6 45. Rxe6 d4 46. Re5+ Kd6 47.
cxd4 c3 48. Kf4 Rb7 49. Rc5 Rf7+ 50. Ke4 Re7+ 51. Kd3 Rh7 52. Kxc3 Rxh3+ 1/2-1/2

[Event "52nd Groningen Open"]
[Site "Groningen NED"]
[Date "2014.12.29"]
[Round "8.22"]
[White "Von Meijenfeldt, Bart"]
[Black "Lyell, Mark"]
[Result "0-1"]
[WhiteTitle "FM"]
[BlackTitle "FM"]
[WhiteElo "2326"]
[BlackElo "2236"]
[WhiteFideId "1032259"]
[BlackFideId "402354"]
[EventDate "2014.12.21"]

1. c4 e5 2. Nc3 Bb4 3. Qc2 Nc6 4. e3 Nf6 5. g3 Bxc3 6. bxc3 b6 7. Bg2 Bb7 8. e4
d6 9. d3 O-O 10. Nf3 Ne7 11. O-O Nd7 12. Qe2 Nc5 13. Ng5 f6 14. Nh3 f5 15. f4
fxe4 16. dxe4 Qe8 17. f5 Ba6 18. Be3 Qf7 19. Ng5 Bxc4 20. Qg4 Qe8 21. f6 Rxf6
22. Nxh7 Kxh7 23. Qh4+ Kg8 24. Rxf6 gxf6 25. g4 Ng6 26. Qxf6 Qf7 27. Qf5 Re8 28.
Qh5 Ne6 29. g5 Nef4 30. Qg4 Rf8 31. Kh1 Nxg2 32. Kxg2 Nf4+ 33. Bxf4 Qxf4 34.
Qxf4 Rxf4 35. Kg3 Kg7 36. h4 Kg6 0-1

[Event "52nd Groningen Open"]
[Site "Groningen NED"]
[Date "2014.12.29"]
[Round "8.23"]
[White "Van Foreest, Lucas"]
[Black "Burcu, Cagatay"]
[Result "1-0"]
[WhiteElo "2319"]
[BlackElo "2149"]
[WhiteFideId "1039792"]
[BlackFideId "6310630"]
[EventDate "2014.12.21"]

1. e4 e6 2. d4 d5 3. Nd2 Be7 4. c3 Nf6 5. e5 Nfd7 6. Bd3 c5 7. Ne2 Nc6 8. Nf3 g5
9. O-O g4 10. Ne1 Qb6 11. Bc2 Nf8 12. dxc5 Bxc5 13. Nd3 Be7 14. Be3 Qc7 15. Nd4
Nxd4 16. Bxd4 Rg8 17. a4 b6 18. b4 Ba6 19. b5 Bb7 20. f4 Rc8 21. Qe2 Bc5 22.
Rac1 h5 23. Qf2 Qe7 24. f5 exf5 25. Nf4 Qg5 26. Bb3 Ne6 27. Bxc5 Rxc5 28. Nd3
Rc7 29. Qxf5 Qxf5 30. Rxf5 Rg5 31. Rxg5 Nxg5 32. Kf2 Ne4+ 33. Ke3 Nxc3 34. Rc2
Kd8 35. Kd4 Ne4 36. Rxc7 Kxc7 37. Nf4 Nc5 38. Bd1 Kd8 39. g3 Ke7 40. Nxh5 Ne6+
41. Kd3 Nc5+ 42. Ke3 Ke6 43. Kd4 Kf5 44. Ng7+ Kg5 45. Ne8 Ne6+ 46. Kd3 Nc5+ 47.
Ke3 Ne6 48. Nd6 d4+ 49. Kf2 Bd5 50. Nxf7+ Kg6 51. Nd6 Nc5 52. Bxg4 Nd3+ 53. Kf1
Nxe5 54. Bd1 Kf6 55. Nc8 Nc4 56. Nxa7 Nb2 57. Ke1 Kf5 58. Nc8 Nxd1 59. Ne7+ Ke4
60. Nxd5 Nb2 61. Nxb6 Ke3 62. Nd5+ Ke4 63. b6 1-0

[Event "52nd Groningen Open"]
[Site "Groningen NED"]
[Date "2014.12.29"]
[Round "8.24"]
[White "Dijkhuis, Tycho"]
[Black "Mollema, Thomas"]
[Result "1-0"]
[WhiteTitle "FM"]
[WhiteElo "2317"]
[BlackElo "2136"]
[WhiteFideId "1036564"]
[BlackFideId "1034987"]
[EventDate "2014.12.21"]

1. e4 e5 2. Nf3 Nc6 3. c3 f5 4. d4 fxe4 5. Nxe5 Nf6 6. Bb5 Bd6 7. f4 exf3 8.
Nxf3 O-O 9. O-O Qe8 10. Nbd2 Nd8 11. Nc4 Be7 12. Ne3 Qh5 13. Bd3 d6 14. Qc2 Ng4
15. Re1 Bh4 16. Bxh7+ Kh8 17. Bg6 Bxe1 18. Bxh5 Bf2+ 19. Qxf2 Nxf2 20. Kxf2 Ne6
21. Bg4 Nf4 22. Bxc8 Raxc8 23. g3 Ne6 24. Kg2 Rf7 25. Bd2 Rcf8 26. Rf1 c6 27.
Nh4 Rxf1 28. Nxf1 Rf6 29. Nf3 Kg8 30. Ne3 Nc7 31. h4 a5 32. c4 a4 33. d5 b5 34.
Bc3 Rf8 35. dxc6 Re8 36. Nd5 Nxd5 37. cxd5 a3 38. Nd2 Re2+ 39. Kf3 Rxd2 40. c7
axb2 41. c8=Q+ Kh7 42. Qf5+ Kg8 43. Qg6 Rd3+ 44. Qxd3 1-0

[Event "52nd Groningen Open"]
[Site "Groningen NED"]
[Date "2014.12.29"]
[Round "8.25"]
[White "Boersma, Jan"]
[Black "Beerdsen, Thomas"]
[Result "0-1"]
[BlackTitle "FM"]
[WhiteElo "2119"]
[BlackElo "2314"]
[WhiteFideId "1003267"]
[BlackFideId "1030108"]
[EventDate "2014.12.21"]

1. e4 c5 2. a3 g6 3. Bc4 Bg7 4. d3 Nc6 5. Nc3 Nf6 6. Nge2 O-O 7. O-O a6 8. h3 b5
9. Ba2 b4 10. axb4 cxb4 11. Nd5 e6 12. Nxf6+ Qxf6 13. c3 a5 14. Be3 Ba6 15. Qd2
Qd8 16. Rad1 d5 17. exd5 exd5 18. d4 a4 19. Rfe1 b3 20. Bb1 Na5 21. Bh6 Nc4 22.
Qc1 Bxh6 23. Qxh6 Qf6 24. Nf4 Qg7 25. Qxg7+ Kxg7 26. Nd3 Rfe8 27. f3 Ne3 28. Rc1
Bxd3 29. Bxd3 Nc4 30. Bxc4 Rxe1+ 31. Rxe1 dxc4 32. Ra1 a3 33. bxa3 Rxa3 34. Rb1
Ra2 35. Kh2 Rc2 36. Kg3 Rxc3 0-1

[Event "52nd Groningen Open"]
[Site "Groningen NED"]
[Date "2014.12.29"]
[Round "8.26"]
[White "Mohammad, Nubairshah Shaikh"]
[Black "Warmerdam, Max"]
[Result "1-0"]
[WhiteElo "2275"]
[BlackElo "2123"]
[WhiteFideId "5053196"]
[BlackFideId "1048104"]
[EventDate "2014.12.21"]

1. d4 Nf6 2. c4 g6 3. Nc3 Bg7 4. e4 d6 5. Nf3 O-O 6. h3 e5 7. dxe5 dxe5 8. Qxd8
Rxd8 9. Bg5 Re8 10. Nd5 Nxd5 11. cxd5 c6 12. Bc4 cxd5 13. Bxd5 Na6 14. O-O-O Nc7
15. Bb3 a5 16. a4 Be6 17. Rd3 f5 18. Nd2 b5 19. axb5 Bxb3 20. Rxb3 Ne6 21. Be3
f4 22. Bb6 Reb8 23. Nc4 Rc8 24. Rc3 Nd4 25. Nd6 Ne2+ 26. Kc2 Nxc3 27. bxc3 Rf8
28. c4 Rf6 29. Bc7 Bf8 30. c5 Bxd6 31. cxd6 Rff8 32. b6 Kf7 33. Rd1 Ke6 34. d7 1-0

[Event "52nd Groningen Open"]
[Site "Groningen NED"]
[Date "2014.12.29"]
[Round "8.27"]
[White "Kevlishvili, Robby"]
[Black "Stegariu, Vlad-Ionut"]
[Result "1-0"]
[WhiteTitle "FM"]
[WhiteElo "2366"]
[BlackElo "2268"]
[WhiteFideId "1040634"]
[BlackFideId "1217860"]
[EventDate "2014.12.21"]

1. e4 c5 2. Nf3 d6 3. d4 cxd4 4. Nxd4 Nf6 5. Nc3 a6 6. Be3 e5 7. Nb3 Be7 8. h3
O-O 9. g4 Be6 10. g5 Nfd7 11. Qd2 a5 12. a4 Na6 13. O-O-O Nb4 14. Kb1 Rc8 15.
Bb5 Nb6 16. f4 exf4 17. Bxf4 Nc4 18. Bxc4 Bxc4 19. Nd4 g6 20. b3 Be6 21. Ndb5
Rc5 22. Rhg1 Qd7 23. Nxd6 f6 24. Qe3 Qc6 25. Ndb5 fxg5 26. Bd6 Bxd6 27. Rxd6 Qc8
28. Rxe6 Rxc3 29. Rxg6+ hxg6 30. Nxc3 Qe6 31. Qxg5 Kg7 32. Qxa5 Nc6 33. Qb5 Rf7
34. h4 Qf6 35. Nd5 Qxh4 36. Qd3 Kh7 37. Rg3 Qh1+ 38. Kb2 Qe1 39. Re3 Qg1 40. e5
Rf1 41. Nf6+ Kg7 42. Qd7+ Kf8 43. Qc8+ Kg7 44. Qxb7+ Kh6 45. Qh7+ Kg5 46. Rg3+ 1-0

[Event "52nd Groningen Open"]
[Site "Groningen NED"]
[Date "2014.12.29"]
[Round "8.28"]
[White "Wempe, Joost"]
[Black "Beukema, Stefan"]
[Result "1-0"]
[BlackTitle "FM"]
[WhiteElo "2262"]
[BlackElo "2364"]
[WhiteFideId "1005502"]
[BlackFideId "1024523"]
[EventDate "2014.12.21"]

1. d4 f5 2. e4 fxe4 3. Nc3 Nf6 4. Bg5 Nc6 5. d5 Ne5 6. Qe2 Nf7 7. Bxf6 exf6 8.
Nxe4 Be7 9. d6 cxd6 10. Nc3 O-O 11. Nd5 Re8 12. O-O-O Bf8 13. Qd2 g6 14. f4 b6
15. Ne2 Bb7 16. Nec3 Rc8 17. h4 Nh6 18. Be2 Nf5 19. Bf3 Kh8 20. Qf2 Bh6 21. Kb1
Rc4 22. g3 Qa8 23. Rhe1 Rxe1 24. Qxe1 Nd4 25. Bh1 b5 26. b3 Rc5 27. Rxd4 b4 28.
Rxb4 f5 29. Qe7 Bf8 30. Qf7 Rxc3 31. Nf6 Bg7 32. Ne8 Bh6 33. Bxb7 Qd8 34. Bd5
Re3 35. Qg8# 1-0

[Event "52nd Groningen Open"]
[Site "Groningen NED"]
[Date "2014.12.29"]
[Round "8.29"]
[White "De Jong, Migchiel"]
[Black "Savant, Riya"]
[Result "0-1"]
[WhiteTitle "IM"]
[BlackTitle "WFM"]
[WhiteElo "2320"]
[BlackElo "2063"]
[WhiteFideId "1002848"]
[BlackFideId "5067359"]
[EventDate "2014.12.21"]

1. e4 c5 2. Nf3 g6 3. d4 cxd4 4. Qxd4 Nf6 5. e5 Nc6 6. Qa4 Nd5 7. Qe4 Nb6 8. Bf4
d5 9. Qe3 d4 10. Qd2 Bg4 11. Be2 Bg7 12. O-O O-O 13. Re1 Bxf3 14. Bxf3 Nc4 15.
Qc1 N4xe5 16. Bxe5 Nxe5 17. Bxb7 Rb8 18. Be4 Nc4 19. b3 d3 20. bxc4 Bxa1 21.
cxd3 Qa5 22. Re2 Bd4 23. g3 Rb6 24. Nd2 Qxa2 25. c5 Rb2 26. c6 Rc2 27. Qd1 Bc3
28. Nb1 Rxe2 29. Nxc3 Rd2 30. Qe1 Qc2 31. Qa1 Qb2 32. Qa5 Rxf2 33. Nd1 Qa2 34.
Qc5 Re2 35. Nf2 Rc2 36. Qd4 a5 37. Bd5 Qb2 38. Qa7 Rxf2 39. Qxf2 Qxf2+ 40. Kxf2
a4 41. Ke3 e6 0-1

[Event "52nd Groningen Open"]
[Site "Groningen NED"]
[Date "2014.12.29"]
[Round "8.30"]
[White "Theulings, Paul-Peter"]
[Black "Senders, Mischa"]
[Result "1-0"]
[WhiteTitle "CM"]
[BlackTitle "FM"]
[WhiteElo "2132"]
[BlackElo "2380"]
[WhiteFideId "1002899"]
[BlackFideId "1038370"]
[EventDate "2014.12.21"]

1. Nf3 d5 2. d4 c6 3. c4 Nf6 4. Nc3 dxc4 5. a4 Bf5 6. e3 e6 7. Bxc4 Bb4 8. O-O
O-O 9. Qe2 Bg6 10. Ne5 Nbd7 11. Nxg6 hxg6 12. Rd1 Qc7 13. e4 e5 14. d5 Rfd8 15.
dxc6 Bxc3 16. cxb7 Qxb7 17. bxc3 Qxe4 18. Qa2 Qh4 19. Bxf7+ Kh7 20. Ba3 Ng4 21.
h3 Ndf6 22. Qc2 e4 23. Be7 e3 24. hxg4 Rh8 25. Qxg6# 1-0

[Event "52nd Groningen Open"]
[Site "Groningen NED"]
[Date "2014.12.29"]
[Round "8.31"]
[White "Al-Hajiri, Bader"]
[Black "Kolbus, Dietmar"]
[Result "0-1"]
[WhiteTitle "CM"]
[BlackTitle "IM"]
[WhiteElo "2139"]
[BlackElo "2317"]
[WhiteFideId "10300163"]
[BlackFideId "4610628"]
[EventDate "2014.12.21"]

1. e4 c5 2. Nf3 e6 3. d4 cxd4 4. Nxd4 Nf6 5. Nc3 d6 6. Be2 a6 7. O-O b5 8. Bf3
Ra7 9. Be3 Rd7 10. Qe2 Bb7 11. a3 Be7 12. Rad1 Qc8 13. g3 O-O 14. Bg2 Rc7 15. f4
Rxc3 16. bxc3 Bxe4 17. Bd2 d5 18. Ra1 Nc6 19. Be1 Bc5 20. Bf2 Bxg2 21. Kxg2 Ne4
22. Nxc6 Qxc6 23. Bd4 Rc8 24. Rfc1 Bf8 25. c4 Qxc4 26. Qxc4 Rxc4 27. Bb2 Nc5 28.
Ra2 Na4 29. Ba1 Bc5 30. Rd1 f6 31. f5 Kf7 32. fxe6+ Kxe6 33. Kf1 h5 34. Rd3 h4
35. Ke2 Re4+ 36. Kd2 Bf2 37. c3 hxg3 38. hxg3 Bc5 39. Kd1 Nb6 40. Bb2 Bd6 41.
Bc1 Rg4 42. Re2+ Be5 43. Kc2 Kd6 44. Kb3 g5 45. Rf2 Na4 46. Rdf3 Nc5+ 47. Kc2
Ne4 48. Rh2 Rxg3 49. Rxg3 Bxg3 50. Rh7 Bf2 51. Kd3 a5 52. Rf7 Bc5 53. Be3 Bxa3
54. Ra7 a4 55. Rb7 Bc5 56. Rxb5 Bxe3 57. Kxe3 Nxc3 58. Ra5 Ke5 59. Kd3 Ne4 60.
Ke3 g4 61. Rxa4 f5 62. Ra8 f4+ 63. Ke2 f3+ 64. Kd3 g3 65. Ke3 g2 0-1

[Event "52nd Groningen Open"]
[Site "Groningen NED"]
[Date "2014.12.29"]
[Round "8.32"]
[White "Salov, Sergej"]
[Black "Schoehuijs, Erik"]
[Result "1/2-1/2"]
[WhiteTitle "IM"]
[WhiteElo "2256"]
[BlackElo "2125"]
[WhiteFideId "4107926"]
[BlackFideId "1004425"]
[EventDate "2014.12.21"]

1. e4 e5 2. Nf3 Nc6 3. Bb5 Nf6 4. d3 Bc5 5. Bxc6 dxc6 6. Nbd2 O-O 7. O-O Nd7 8.
Nb3 Bd6 9. c3 c5 10. Be3 Re8 11. Nfd2 b6 12. Nc4 Nf8 13. f3 Ng6 14. Nxd6 cxd6
15. d4 1/2-1/2